00604nam a2200169Ia 4500003000900000005001700009008004100026040003100067040001300098041000800111100002300119245004100142250000600183260004100189300001800230520018600248IT-RoPAU20220918175644.0120407s9999 xx 000 0 und d aIT-RoPAUc20131102110058.0 cIT-RoPAU aita aAlberione, Giacomo aIntroduzione alla dottrina cristiana aI aRomabTip. Poliglotta Vaticanac1953 c18 cma78 pp. aIndice Introduzione Origine delle cose L'uomo ragionevole e retto Dio, Essere supremo La religione La rivelazione Il Cristianesino Il Cattolicesimo Il Romano Pontefice Mariologia